Southville International School and Colleges
Your cart is empty.
  • Cart
  • Lists
    Public lists Eva Luna New books Lux_list list_1
    Your lists Log in to create your own lists
  • Log in to your account
  • Your cookies
  • Search history
Southville International School and Colleges
  • Advanced search
  • Recent comments
  • Most popular
  • Libraries

Log in to your account

Log in with GOOGLE


If you do not have an external account, but do have a local account, you can still log in:

  1. Home
  2. MARC view: Very busy spider (The)/
Normal view MARC view ISBD view

Very busy spider (The)/ (Record no. 104314)

[ view plain ]
MARC details
000 -LEADER
fixed length control field 00791nam a2200217 a 4500
005 - DATE AND TIME OF LATEST TRANSACTION
control field 20140412111319.0
008 - FIXED-LENGTH DATA ELEMENTS--GENERAL INFORMATION
fixed length control field 000822s19uu xx 00 eng d
020 ## - INTERNATIONAL STANDARD BOOK NUMBER
International Standard Book Number 0-399-21166-7
050 ## - LIBRARY OF CONGRESS CALL NUMBER
Classification number TR(PS E
Item number Ve62 1984
100 ## - MAIN ENTRY--PERSONAL NAME
Personal name Carle, Eric
245 ## - TITLE STATEMENT
Title Very busy spider (The)/
Statement of responsibility, etc Eric Carle.
260 ## - PUBLICATION, DISTRIBUTION, ETC. (IMPRINT)
Place of publication, distribution, etc New York :
Name of publisher, distributor, etc Philomel Books,
Date of publication, distribution, etc 1984.
300 ## - PHYSICAL DESCRIPTION
Extent 1 v. (unp.) ; ill.
520 ## - SUMMARY, ETC.
Summary, etc The farm animals try to divert a busy little spider from spinning her web, but she persists and produces a things of both beauty and usefulness. The picture may be felt as well as seen.
650 ## - SUBJECT ADDED ENTRY--TOPICAL TERM
Topical term or geographic name as entry element Toy and movable books-Specimens
650 ## - SUBJECT ADDED ENTRY--TOPICAL TERM
Topical term or geographic name as entry element Spiders-Fiction
650 ## - SUBJECT ADDED ENTRY--TOPICAL TERM
Topical term or geographic name as entry element Spider webs-Fiction
650 ## - SUBJECT ADDED ENTRY--TOPICAL TERM
Topical term or geographic name as entry element Domestic animals-Fiction
650 ## - SUBJECT ADDED ENTRY--TOPICAL TERM
Topical term or geographic name as entry element Toy and movable books
Holdings
Withdrawn status Lost status Damaged status Home library Current library Shelving location Date acquired Source of acquisition Total Checkouts Full call number Barcode Date last seen Price effective from Koha item type
      Elizalde Library Elizalde Library Teachers Reference Section 08/22/2000     TR(PS E Ve62 1984 E7348 04/12/2014 04/12/2014 Books

Very busy spider (The)/

APA

Carle E., . (1984). Very busy spider (The). New York: Philomel Books.

Chicago

Carle Eric, . 1984. Very busy spider (The). New York: Philomel Books.

Harvard

Carle E., . (1984). Very busy spider (The). New York: Philomel Books.

MLA

Carle Eric, . Very busy spider (The). New York: Philomel Books. 1984.

  • Place hold
  • Print
  • Cite
  • Add to your cart (remove)
  • Save record
    BIBTEX Dublin Core MARCXML MARC (non-Unicode/MARC-8) MARC (Unicode/UTF-8) MARC (Unicode/UTF-8, Standard) MODS (XML) RIS
  • More searches
    Search for this title in:
    Other Libraries (WorldCat) Other Databases (Google Scholar) Online Stores (Bookfinder.com) Open Library (openlibrary.org)

Exporting to Dublin Core...

SOUTHVILLE LIBRARY

Southville International School and Colleges Library

1281 Tropical Ave. Cor. Luxembourg St., BF Homes International, Las Pinas City

Tel. No. 8256374 / 252358 Loc. 117/146

Powered by Koha